| 000 | 01270cam a22003137i 4500 | ||
|---|---|---|---|
| 003 | IMU CC | ||
| 005 | 20260307143720.0 | ||
| 008 | 160527s2019 nyu b 001 0 eng d | ||
| 020 | _a9780316380522 | ||
| 040 |
_aIMU CC _beng _erda |
||
| 041 | 0 | _aeng | |
| 082 | 0 | 4 |
_223 _a005.8 _bMIT |
| 100 |
_aMitnick, Kevin _eauthor. _94436 |
||
| 245 | 1 | 4 |
_aThe art of invisibility : _bthe world's most famous hacker teaches you how to be safe in the age of big brother and big data / _cKevin Mitnick with Robert Vamosi ; foreword by Mikko Hypponen. |
| 260 |
_aNew York : _bBack Bay Books | Little, Brown and Company, _c2019. |
||
| 300 |
_ax, 308 p. ; _c21 cm. |
||
| 336 |
_atext _btxt _2rdacontent |
||
| 500 | _a"Originally published in hardcover by Little, Brown and Company, February 2017"--Title page verso. | ||
| 500 | _a"First Back Bay Books trade paperback edition, September 2019"--Title page verso. | ||
| 504 | _aIncludes bibliographical references (pages 283-298) and index. | ||
| 650 | 0 |
_aInternet _xSecurity measures. _94437 |
|
| 650 | 0 |
_aComputer security. _94054 |
|
| 650 | 0 |
_aData protection. _94438 |
|
| 650 | 0 |
_aSecurite informatique. _94439 |
|
| 700 |
_aVamosi, Robert _eauthor. _94440 |
||
| 700 |
_aHypponen, Mikko _94617 |
||
| 856 | _yBK | ||
| 942 |
_cBK _2ddc |
||
| 999 |
_c10333 _d10333 |
||